City & State Names as Band Names - Statistics

General Stats
  • This quiz has been taken 37 times
  • The average score is 7 of 18
Answer Stats
Genre Location hint Song hint Answer % Correct
rock German city Take My Breath Away Berlin
86%
rock continent The Final Countdown Europe
83%
rock US state Carry On Wayward Son Kansas
75%
rock US city More than a Feeling Boston
72%
rock US city Saturday in the Park Chicago
69%
rock country A Horse with No Name America
61%
country US state Mountain Music Alabama
47%
rock US city, Israeli city Love Hurts Nazareth
44%
Latin pop begins with US city Conga Miami Sound Machine
39%
rap US state Low Flo Rida
36%
country Tennessee locale Elvira Oak Ridge Boys
28%
punk begins with US city Personality Crisis New York Dolls
25%
prog metal region of Russia Christmas Eve and Other Stories Trans-Siberian Orchestra
22%
rock Canada My Girl (Gone, Gone, Gone) Chilliwack
14%
indie rock begins with country Feel it Still Portugal, the Man
14%
fusion NYC borough The Boy from New York City The Manhattan Transfer
14%
country Houston suburb Want To Sugarland
11%
rock begins with US city Don't Wanna Fight Alabama Shakes
3%
No matching quizzes found
Score Distribution
Percent of People with Each Score
Percentile by Number Answered
Your Score History
You have not taken this quiz